RICS Olympics 2012 website (Record no. 120462)
[ view plain ]
| 000 -LEADER | |
|---|---|
| fixed length control field | 00649cam a2200181 4500 |
| 001 - CONTROL NUMBER | |
| control field | L130378 |
| 008 - FIXED-LENGTH DATA ELEMENTS--GENERAL INFORMATION | |
| fixed length control field | 050722n 000 0 eng u |
| 035 ## - SYSTEM CONTROL NUMBER | |
| System control number | (Sirsi) u130378 |
| 041 ## - LANGUAGE CODE | |
| Language code of text/sound track or separate title | eng |
| 110 ## - MAIN ENTRY--CORPORATE NAME | |
| Corporate name or jurisdiction name as entry element | Royal Institution of Chartered Surveyors |
| 9 (RLIN) | 4900 |
| 245 ## - TITLE STATEMENT | |
| Title | RICS Olympics 2012 website |
| 520 ## - SUMMARY, ETC. | |
| Summary, etc. | News and articles on the 2012 Olympics. |
| 590 ## - LOCAL NOTE (RLIN) | |
| Local note | IKA020805 |
| 650 ## - SUBJECT ADDED ENTRY--TOPICAL TERM | |
| Topical term or geographic name entry element | OLYMPIC GAMES 2012 |
| 690 ## - LOCAL SUBJECT ADDED ENTRY--TOPICAL TERM (OCLC, RLIN) | |
| Topical term or geographic name as entry element | PROPERTY-COMMERCIAL PROPERTY-LEISURE PROPERTY-SPORTS PROPERTY |
| 856 ## - ELECTRONIC LOCATION AND ACCESS | |
| Uniform Resource Identifier | <a href="https://www.rics.org/Property/Commercialproperty/Leisureproperty/Sportsproperty/">https://www.rics.org/Property/Commercialproperty/Leisureproperty/Sportsproperty/</a> |
| Public note | View the website free of charge at www.rics.org.uk... |
| 942 ## - ADDED ENTRY ELEMENTS (KOHA) | |
| Suppress in OPAC | 0 |
| Withdrawn status | Lost status | Source of classification or shelving scheme | Damaged status | Not for loan | Home library | Current library | Shelving location | Date acquired | Total Checkouts | Full call number | Barcode | Date last seen | Copy number | Price effective from | Koha item type |
|---|---|---|---|---|---|---|---|---|---|---|---|---|---|---|---|
| Dewey Decimal Classification | Virtual | Virtual | Online | 22/07/2005 | WEBSITE | 130378-2001 | 06/08/2019 | 1 | 06/08/2019 | Online material |